000 00591cam a22002172 4500
001 0000001286
005 20151217154329.0
008 070228s xx 000 0 eng d
020 _a0071123423 :
_cKES 2,737
040 _aKABU
_cKABU
050 0 _aHB139
_b.G85 2003
100 1 _aGujarati, Damodar N.
_@0000149923
245 1 0 _aBasic econometrics.
250 _a4th ed.
260 _aBoston :
_bMcGraw-Hill,
_c2003.
300 _axxix, 1002 p.
650 0 _aEconometrics.
_@0000148275
908 _a070228
950 _@1
999 _c10527
_d10527